000 01211nam2a2200253 4500
001 rc\2647659
005 20260325101955.0
035 _a(NLR Aleph) 007201501
090 _a13627568
_c13627568
100 _a20110609d1928 u y0rusy50 ca
101 1 _arus
_cfre
102 _aRU
105 _aa z |||a|
200 0 _a2
_eс воспроизведением иллюстраций к первому французскому изданию
_fпер. А. А. Фран...кого
210 _d1928
215 _a899 с.
_cрис.
461 0 _1001rc\2647657
_12000#$aДесять лет спустя$eВиконт де Бражелон$e[перевод с французского]$fАлександр Дюма$v2
_1700#1$aДюма$bА.$cотец$f1802-1870$gАлександр$3RU\NLR\AUTH\776853
_97633719
_aДюма, А. (отец ; 1802-1870)
_cЛенинград
_d1928–1929
_fАлександр Дюма
_nAcademia
_oВиконт де Бражелон : [перевод с французского]
_tДесять лет спустя
_v2
801 0 _aRU
_bNLR
_gpsbo
801 1 _aRU
_bELAR
_2rusmarc
852 _aNLR
_j118/199(2)
852 _aNLR
_jЛ60 В-1/42(2)
942 _cBOOK
980 _aNB